Normal view
MARC view
Entry Personal Name
001 - CONTROL NUMBER
- control field: 44784
003 - CONTROL NUMBER IDENTIFIER
- control field: dpl
005 - DATE AND TIME OF LATEST TRANSACTION
- control field: 20120404143407.0
008 - FIXED-LENGTH DATA ELEMENTS
- fixed length control field: 120404|||a|||||| | ||| d
040 ## - CATALOGING SOURCE
- Original cataloging agency: dpl
- Transcribing agency: dpl
100 ## - HEADING--PERSONAL NAME
- Personal name: विद्यालंकार,सत्यकाम
670 ## - SOURCE DATA FOUND
- Source citation: Work cat.: (dpl): ठाकुर, रवीन्द्रनाथ 44783, गीतांजलि / , 2011
670 ## - SOURCE DATA FOUND
- Source citation: Work cat.: (dpl): ठाकुर, रवीन्द्रनाथ 44783, गीतांजलि / , 2011
